[Event "CHN-chB"]
[Site "Qinhuangdao"]
[Date "2017.07.18"]
[Round "5"]
[White "Zhao, Yihan"]
[Black "Liu, Guanchu"]
[Result "0-1"]
[WhiteElo "1995"]
[BlackElo "2452"]
[PlyCount "50"]
[EventDate "2017.07.16"]
[EventType "swiss"]
[EventRounds "11"]
[EventCountry "CHN"]
[SourceTitle "CBM 179 Extra"]
[Source "ChessBase"]
[SourceDate "2017.08.23"]
[SourceVersion "1"]
[SourceVersionDate "2017.08.23"]
[SourceQuality "1"]

1. d4 f5 2. g3 Nf6 3. Bg2 g6 4. c4 Bg7 5. Nc3 0-0 6. Nf3 d6 7. 0-0 Qe8 8. d5 Na6 9. Be3 Bd7 10. Qd2 Ng4 11. Bf4 Nc5 12. Nd4 h6 13. h4 g5 14. hxg5 Qh5 15. Nf3 Ne4 16. Qc1 Bd4 17. Nd1 hxg5 18. Bxg5 Nxg3 19. Re1 Bb6 20. e3 Ne4 21. Bf4 Rf7 22. Re2 Rg7 23. Qc2 Kf7 24. Ne1 Rh8 25. f3 Nxe3 0-1

[Event "Asia-chT Cup U14"]
[Site "Jiaxing"]
[Date "2016.11.06"]
[Round "1.13"]
[White "Liyanage, Ranindu Dilshan"]
[Black "Zhao, Yihan"]
[Result "0-1"]
[WhiteElo "1797"]
[BlackElo "1955"]
[PlyCount "92"]
[EventDate "2016.11.06"]
[EventType "swiss"]
[EventRounds "9"]
[EventCountry "CHN"]
[SourceTitle "EXT 2021"]
[Source "ChessBase"]
[SourceDate "2020.10.23"]
[SourceVersion "1"]
[SourceVersionDate "2020.10.23"]
[SourceQuality "1"]

1. e4 e6 2. d4 d5 3. e5 c5 4. c3 Nc6 5. Be3 Qb6 6. Qd2 cxd4 7. cxd4 Nge7 8. Nc3 Nf5 9. Nf3 Be7 10. Bd3 Nxe3 11. fxe3 0-0 12. 0-0 Bd7 13. Qe2 f5 14. exf6 Rxf6 15. Ng5 h6 16. Nh3 Raf8 17. Nf4 Rxf4 18. exf4 Nxd4 19. Qh5 Nb3+ 20. Kh1 Nxa1 21. Nxd5 exd5 22. Qxd5+ Qe6 23. Qd4 Bf6 24. Qb4 Qe7 25. Qc4+ Qe6 26. Qb4 Rc8 27. Rxa1 Qc6 28. Re1 a5 29. Qxa5 Qc5 30. Qd2 Bf5 31. Bxf5 Qxf5 32. Qb4 b5 33. a4 bxa4 34. Qxa4 Rc2 35. b4 Qe6 36. Rg1 Qe2 37. b5 Rb2 38. Qa8+ Kh7 39. Qd5 Rxb5 40. Qd7 Rc5 41. Qb7 Bd4 42. Qb1+ Rc2 43. h3 Bxg1 44. Qxg1 Qd2 45. Kh2 Qxf4+ 46. Kh1 Rc1 0-1